[Event "DEN-ch"]
[Site "Denmark"]
[Date "1987.??.??"]
[Round "?"]
[White "Mortensen, Erling"]
[Black "Nielsen, NJ."]
[Result "1-0"]
[WhiteElo "2440"]
[BlackElo "2245"]
[PlyCount "66"]
[EventDate "1987.??.??"]
[EventType "tourn"]
[EventRounds "11"]
[EventCountry "DEN"]
[EventCategory "4"]
[SourceTitle "EXT 1997"]
[Source "ChessBase"]
[SourceDate "1996.11.15"]
[SourceVersion "1"]
[SourceVersionDate "1996.11.15"]
[SourceQuality "1"]

1. e4 c5 2. Nf3 Nc6 3. Bb5 g6 4. 0-0 Bg7 5. Re1 Qb6 6. a4 a6 7. Bxc6 Qxc6 8. d4 d6 9. d5 Qc7 10. Nc3 Nf6 11. e5 dxe5 12. Nxe5 0-0 13. h3 Nh5 14. Nc4 Bxc3 15. bxc3 b6 16. Qe2 Nf6 17. d6 Qc6 18. dxe7 Re8 19. Bg5 Bb7 20. f3 Nd5 21. Ne5 Qe6 22. c4 Nxe7 23. Ng4 Nf5 24. Nf6+ Kf8 25. Nxe8 Qxe2 26. Rxe2 Rxe8 27. Rxe8+ Kxe8 28. Rb1 Bc6 29. Rxb6 Bxa4 30. c3 Bc2 31. Rxa6 Bd3 32. Ra5 h6 33. Bd2 Nd6 1-0

[Event "DEN-ch"]
[Site "Denmark"]
[Date "1987.??.??"]
[Round "?"]
[White "Nielsen, NJ."]
[Black "Bank Friis, Carsten"]
[Result "1/2-1/2"]
[WhiteElo "2245"]
[BlackElo "2290"]
[PlyCount "34"]
[EventDate "1987.??.??"]
[EventType "tourn"]
[EventRounds "11"]
[EventCountry "DEN"]
[EventCategory "4"]
[SourceTitle "EXT 1997"]
[Source "ChessBase"]
[SourceDate "1996.11.15"]
[SourceVersion "1"]
[SourceVersionDate "1996.11.15"]
[SourceQuality "1"]

1. e4 e5 2. f4 exf4 3. Be2 d6 4. d4 Nc6 5. Nc3 g5 6. h4 Bg7 7. hxg5 Nxd4 8. Bxf4 Ne6 9. Be3 Nxg5 10. Qd2 Ne6 11. 0-0-0 Bd7 12. Nf3 Bc6 13. Ng5 h6 14. Nh3 Qd7 15. Rdf1 a6 16. Nd5 0-0-0 17. Nf2 Rf8 1/2-1/2

[Event "DEN-ch"]
[Site "Denmark"]
[Date "1987.??.??"]
[Round "?"]
[White "Nielsen, NJ."]
[Black "Sahl, Bjarke"]
[Result "1/2-1/2"]
[WhiteElo "2245"]
[BlackElo "2385"]
[PlyCount "53"]
[EventDate "1987.??.??"]
[EventType "tourn"]
[EventRounds "11"]
[EventCountry "DEN"]
[EventCategory "4"]
[SourceTitle "EXT 1997"]
[Source "ChessBase"]
[SourceDate "1996.11.15"]
[SourceVersion "1"]
[SourceVersionDate "1996.11.15"]
[SourceQuality "1"]

1. d4 d5 2. c3 Nf6 3. Bg5 Nbd7 4. Nd2 h6 5. Bh4 e5 6. dxe5 Nxe5 7. Bg3 Ng6 8. e3 Bd6 9. Ngf3 Bg4 10. Qc2 Bxg3 11. hxg3 Qe7 12. Bd3 Ne5 13. Nxe5 Qxe5 14. Qa4+ c6 15. Rh4 h5 16. Qf4 Nd7 17. Qxe5+ Nxe5 18. Bc2 0-0-0 19. f3 Bd7 20. 0-0-0 f5 21. Rdh1 g6 22. g4 Rh6 23. g5 Rh7 24. g4 fxg4 25. f4 Rg7 26. fxe5 Re8 27. e4 1/2-1/2